Fiqh ibadah / (Record no. 1083)

000 -LEADER
fixed length control field nam a22 a 4500
003 - CONTROL NUMBER IDENTIFIER
control field AKMAL
005 - DATE AND TIME OF LATEST TRANSACTION
control field 20170508122828.0
008 - FIXED-LENGTH DATA ELEMENTS--GENERAL INFORMATION
fixed length control field 170508s1996 my 00 may d
020 ## - INTERNATIONAL STANDARD BOOK NUMBER
International Standard Book Number 9830770605 (kkt.):
Terms of availability RM 9.90
040 ## - CATALOGING SOURCE
Original cataloging agency AKMAL
082 ## - DEWEY DECIMAL CLASSIFICATION NUMBER
Classification number 297.3DHI
090 ## - LOCALLY ASSIGNED LC-TYPE CALL NUMBER (OCLC); LOCAL CALL NUMBER (RLIN)
Classification number (OCLC) (R) ; Classification number, CALL (RLIN) (NR) 297.3
Local cutter number (OCLC) ; Book number/undivided call number, CALL (RLIN) DHI
100 ## - MAIN ENTRY--PERSONAL NAME
Personal name Abu Dhiya'
9 (RLIN) 2260
245 10 - TITLE STATEMENT
Title Fiqh ibadah /
Statement of responsibility, etc. Abu Dhiya'
260 ## - PUBLICATION, DISTRIBUTION, ETC.
Place of publication, distribution, etc. Johor Bharu :
Name of publisher, distributor, etc. Perniagaan Jahabersa,
Date of publication, distribution, etc. 1996
300 ## - PHYSICAL DESCRIPTION
Extent iii, 198ms. :
Dimensions 21cm
500 ## - GENERAL NOTE
General note Mengandungi ayat-ayat Quran
650 ## - SUBJECT ADDED ENTRY--TOPICAL TERM
Topical term or geographic name entry element Islamic law
General subdivision Interpretation and construction
9 (RLIN) 1525
650 ## - SUBJECT ADDED ENTRY--TOPICAL TERM
Topical term or geographic name entry element Pillars of Islam
9 (RLIN) 893
856 4# - ELECTRONIC LOCATION AND ACCESS
Uniform Resource Identifier http://www.jahabersa.com.my/tauhid/fiqh-ibadah
Link text Kulit Depan & Ringkasan
942 ## - ADDED ENTRY ELEMENTS (KOHA)
Source of classification or shelving scheme
Koha item type Book
Holdings
Withdrawn status Lost status Source of classification or shelving scheme Damaged status Not for loan Collection code Home library Current library Shelving location Date acquired Inventory number Total Checkouts Full call number Barcode Date last seen Price effective from Koha item type
          NON-FICTION AKMAL Melaka AKMAL Melaka PINJAMAN 08.05.2017 000342   297.3DHI 201702090 08.05.2017 08.05.2017 Book
Pusat Sumber Maklumat Dato' Haji Sarmin Md Hussin, Akademi Kastam Diraja Malaysia, Melaka
Tel: 06-2331106 | Faks: 06-2313787